000 00725nam a2200229 a 4500
005 20210219160026.0
008 080613s1982 mx r 000 0 spa d
020 _a8489401004
035 _aUPN01000156913
049 _aUNE
080 _a329.71 (7/8) AME
245 0 0 _aAmérica Latina :
_bdesarrollo y perspectivas democráticas /
_cSusana Bruna ...(et al.)
260 _aSan José :
_bFLACSO,
_c1982.
300 _a178 p.
440 0 _a25 aniversario
690 _aDemocracia - América Latina
690 _aSistemas politicos - América Latina
690 _aAmrica Latina - Democracia
700 1 _aBruna, Susana,
_ecoaut.
710 2 _aFLACSO.
_bFacultad Latinoamericana de Ciencias Sociales
905 _aUNESCO
999 _c129027
_d129027